UM Logo

Why do people believe in a "true self"? the role of essentialist reasoning about personal identity and the self / (Record no. 20947)

MARC details
000 -LEADER
fixed length control field 00876nam a22001817a 4500
005 - DATE AND TIME OF LATEST TRANSACTION
control field 20250205184403.0
008 - FIXED-LENGTH DATA ELEMENTS--GENERAL INFORMATION
fixed length control field 240827b ||||| |||| 00| 0 eng d
082 ## - DEWEY DECIMAL CLASSIFICATION NUMBER
Classification number DPer 155.205 J826 July-September 2019 v. 117 n. 1-3
100 ## - MAIN ENTRY--PERSONAL NAME
Personal name Christy, Andrew G.
Relator term author.
9 (RLIN) 59127
245 ## - TITLE STATEMENT
Title Why do people believe in a "true self"? the role of essentialist reasoning about personal identity and the self /
Statement of responsibility, etc. Andrew G. Christy, Rebecca J. Schlegel, and Andrei Cimpian.
260 ## - PUBLICATION, DISTRIBUTION, ETC. (IMPRINT)
Place of publication, distribution, etc. Washington ;
Name of publisher, distributor, etc. American Psychological Association,
Date of publication, distribution, etc. August 2019.
300 ## - PHYSICAL DESCRIPTION
Extent volume 117, pages 386-416,
Other physical details illustration.
500 ## - GENERAL NOTE
General note Journal of Personality and Social Psychology vol. 117, no. 2, pages 386-416, August 2019.
700 ## - ADDED ENTRY--PERSONAL NAME
Personal name Christy, Andrew G.
Relator term author.
9 (RLIN) 59127
700 ## - ADDED ENTRY--PERSONAL NAME
Personal name Schlegel, Rebecca J.
Relator term author.
9 (RLIN) 59128
700 ## - ADDED ENTRY--PERSONAL NAME
Personal name Cimpian, Andrei.
Relator term author.
9 (RLIN) 59129
942 ## - ADDED ENTRY ELEMENTS (KOHA)
Source of classification or shelving scheme Dewey Decimal Classification
Koha item type Periodicals
Holdings
Withdrawn status Lost status Source of classification or shelving scheme Damaged status Not for loan Collection code Home library Current library Date acquired Total Checkouts Date last seen Price effective from Koha item type Public note
    Dewey Decimal Classification     Periodicals UM Digos College - LIC UM Digos College - LIC 08/27/2024   08/27/2024 08/27/2024 Periodicals Periodical Article